| 000 | 01119cad a22002655a 4500 | ||
|---|---|---|---|
| 001 | L155068 | ||
| 008 | 120224e20120203xxkd f s 000 0 eng d | ||
| 035 | _a(Sirsi) u155068 | ||
| 041 | 0 | _aeng | |
| 110 | 2 |
_aRoyal Institution of Chartered Surveyors _bEconomics _95033 |
|
| 245 | 0 | 0 |
_aRICS global real estate weekly _b3 February 2012 _h[electronic resource] |
| 260 |
_aLondon _bRICS _c2012 |
||
| 490 | 0 |
_aRICS Global Real Estate Weekly _v3 February 2012 |
|
| 520 | _aPolish interest rates on hold as commercial real estate sector continues to boom. Pause for thought at Bank of Korea as GDP undershoots. Canadian households debt level reach record high. European property sector to remain under pressure, with some exceptions. | ||
| 590 | _aKA | ||
| 650 | 2 | 4 | _aRICS GLOBAL REAL ESTATE WEEKLY |
| 651 | 4 | _aPoland | |
| 651 | 4 | _aKorea | |
| 651 | 4 | _aCanada | |
| 651 | 4 | _aEurope | |
| 690 |
_aCommercial property _96227 |
||
| 690 |
_aResidential property _96266 |
||
| 856 | 4 | 0 |
_uhttps://www.rics.org/site/download_feed.aspx?fileID=11213&fileExtension=PDF _zView the report free of charge at www.rics.org |
| 942 | _n0 | ||
| 999 |
_c113305 _d113305 |
||